Normal view
MARC view
Entry Geographic Name
001 - CONTROL NUMBER
- control field: 698705
003 - CONTROL NUMBER IDENTIFIER
- control field:
005 - DATE AND TIME OF LATEST TRANSACTION
- control field: 20210627042253.0
008 - FIXED-LENGTH DATA ELEMENTS
- fixed length control field: 210627|| aca||aabn | a|a d
040 ## - CATALOGING SOURCE
- Original cataloging agency:
- Transcribing agency:
151 ## - HEADING--GEOGRAPHIC NAME
- Geographic name: Algeria
- General subdivision: Social conditions
670 ## - SOURCE DATA FOUND
- Source citation: Work cat.: ()577467: Fanon, Frantz, 1925-1961 698702, A dying colonialism /, 1970
